El trabajo de campo de auditoría (Registro nro. 790)
[ vista simple ]
| 000 -CABECERA | |
|---|---|
| campo de control de longitud fija | 00542aam a2200205 4500 |
| 005 - FECHA Y HORA DE ACTUALIZACIÓN | |
| campo de control | 20220128100735.0 |
| 008 - LONGITUD FIJA | |
| campo de control de longitud fija | 150908b xxu||||| |||| 00| 0 spa d |
| 041 ## - IDIOMA | |
| Código de idioma del texto/pista de sonido o título separado | |
| 082 ## - CLASIFICACIÓN DECIMAL DEWEY | |
| Número de clasificación | 657.45 V455e |
| 100 ## - AUTOR PERSONAL | |
| Nombre de persona | Venegas, Walley |
| 245 ## - TÍTULO PROPIAMENTE DICHO | |
| Título | El trabajo de campo de auditoría |
| 260 ## - PIE DE IMPRENTA | |
| Lugar de publicación, distribución, etc. | Costa Rica |
| Nombre del editor, distribuidor, etc. | UNED |
| Fecha de publicación, distribución, etc. | 1994 |
| 300 ## - DESCRIPCIÓN FÍSICA | |
| Extensión | 300 páginas |
| 650 ## - Materia General | |
| Materia general | AUDITORIA |
| 650 ## - Materia General | |
| Materia general | INVENTARIO |
| 650 ## - Materia General | |
| Materia general | PASIVOS A LARGO PLAZO |
| 650 ## - Materia General | |
| Materia general | DOCUMENTOS A COBRAR |
| 650 ## - Materia General | |
| Materia general | ACTIVOS FIJOS |
| 942 ## - Punto de Acceso Adicional Koha | |
| Tipo de ítem Koha | Libro |
| Estado perdido | Estado dañado | No para préstamo | Biblioteca permanente | Biblioteca actual | Signatura completa | Código de barras | Precio efectivo a partir del | Tipo de ítem |
|---|---|---|---|---|---|---|---|---|
| Departamento de Biblioteca y Documentación Alfonso Chase Brenes | Departamento de Biblioteca y Documentación Alfonso Chase Brenes | 657.45 V455e | 421 | 09/02/2016 | Libro | |||
| Departamento de Biblioteca y Documentación Alfonso Chase Brenes | Departamento de Biblioteca y Documentación Alfonso Chase Brenes | 657.45 V455e | 406 | 09/02/2016 | Libro | |||
| Departamento de Biblioteca y Documentación Alfonso Chase Brenes | Departamento de Biblioteca y Documentación Alfonso Chase Brenes | 657.45 V455e | 1962 | 09/02/2016 | Libro | |||
| Departamento de Biblioteca y Documentación Alfonso Chase Brenes | Departamento de Biblioteca y Documentación Alfonso Chase Brenes | 657.45 V455e | 9313 | 09/02/2016 | Libro | |||
| Departamento de Biblioteca y Documentación Alfonso Chase Brenes | Departamento de Biblioteca y Documentación Alfonso Chase Brenes | 657.45 V455e | 6317 | 09/02/2016 | Libro | |||
| Departamento de Biblioteca y Documentación Alfonso Chase Brenes | Departamento de Biblioteca y Documentación Alfonso Chase Brenes | 657.45 V455e | 12430 | 09/02/2016 | Libro | |||
| Departamento de Biblioteca y Documentación Alfonso Chase Brenes | Departamento de Biblioteca y Documentación Alfonso Chase Brenes | 657.45 V455e | 12431 | 09/02/2016 | Libro | |||
| Departamento de Biblioteca y Documentación Alfonso Chase Brenes | Departamento de Biblioteca y Documentación Alfonso Chase Brenes | 657.45 V455e | 12432 | 09/02/2016 | Libro | |||
| Perdido | Departamento de Biblioteca y Documentación Alfonso Chase Brenes | Departamento de Biblioteca y Documentación Alfonso Chase Brenes | 657.45 V455e | 13468 | Libro | |||
| Departamento de Biblioteca y Documentación Alfonso Chase Brenes | Departamento de Biblioteca y Documentación Alfonso Chase Brenes | 657.45 V455e | 18300 | 09/02/2016 | Libro | |||
| Departamento de Biblioteca y Documentación Alfonso Chase Brenes | Departamento de Biblioteca y Documentación Alfonso Chase Brenes | 657.45 V455e | 18301 | 09/02/2016 | Libro | |||
| Departamento de Biblioteca y Documentación Alfonso Chase Brenes | Departamento de Biblioteca y Documentación Alfonso Chase Brenes | 657.45 V455e | 13469 | 09/02/2016 | Libro |